Máquinas eléctricas : operación en estado estacionario /

El volumen es una revisión de los primeros siete capítulos de la segunda edición del libro Electromechanics and Electric Machines del mismo autor, publicada por Wiley en 1983. Contenido: Introducción; Circuitos magnéticos y transformadores; Máquinas de corriente continua; Máquinas sincrónicas; Máqui...

תיאור מלא

שמור ב:
מידע ביבליוגרפי
מחבר ראשי: Nasar, Syed A. (autor)
מחברים אחרים: Boldea, Ion (autor) (autor)
פורמט: ספר
שפה:ספרדית
יצא לאור: México : CECSA, 1993, c1993
נושאים:
תגים: הוספת תג
אין תגיות, היה/י הראשונ/ה לתייג את הרשומה!

MARC

LEADER 00000nam^a2200000^a^4500
001 000146420
005 20250521000000.0
009 20260310095911.573
020 |a 968-26-1231-4 
037 |a Acervo ITESO - Biblioteca 
041 |a ESP 
082 |a 621. 31042  |b NAS 
100 |a Nasar, Syed A.  |e (autor) 
245 1 0 |a Máquinas eléctricas :  |b operación en estado estacionario /  |c S.A. Nasar, I. Boldea ; tr. por Francisco Andión Uz. 
264 4 |a México :  |b CECSA,  |c 1993, c1993 
300 |a VII, 250 p. 
336 |a texto  |b txt  |2 rdacontenido 
337 |a sin mediación  |b n  |2 rdamedio 
338 |a volumen  |b nc  |2 rdasoporte 
500 |a Traducción de: Electric Machines: Steady-State Operation 
520 |a El volumen es una revisión de los primeros siete capítulos de la segunda edición del libro Electromechanics and Electric Machines del mismo autor, publicada por Wiley en 1983. Contenido: Introducción; Circuitos magnéticos y transformadores; Máquinas de corriente continua; Máquinas sincrónicas; Máquinas de inducción; Sistemas electromecánicos. 
649 |a XX 
650 |a Máquinas Eléctricas 
650 |a Motores Eléctricos de Corriente Continua 
650 |a Motores Eléctricos Sincrónicos 
650 |a Motores Eléctricos de Inducción 
650 |a Motores Eléctricos 
650 |a Circuitos Eléctricos 
650 |a Transformadores 
650 |a Ingeniería Eléctrica 
650 |a Ingeniería Mecánica 
700 |a Boldea, Ion  |e (autor) 
910 |a Fondo General 
920 |a Impresos - Libros 
930 |a Colección General 
905 |a 101 
901 |a 0500075610  |b IT1  |c ACC  |u 20250521 
902 |a https://opac.biblio.iteso.mx/vufind/Record/000146420